| 000 | 00411nam a2200157Ia 4500 | ||
|---|---|---|---|
| 008 | 221030s9999 xx 000 0 und d | ||
| 041 | _aEnglish | ||
| 082 |
_a105.23 _bZut |
||
| 100 | _aR. K. Zutshi | ||
| 245 | 0 |
_aElementary Inorganic Chemistry _cby R. K. Zutshi, Gulam Ahmad Mir |
|
| 260 |
_bKapoor Brothers _aSrinagar _c1965 |
||
| 300 | _a309 | ||
| 650 | _aChemistry | ||
| 700 | _aGulam Ahmad Mir | ||
| 942 | _cBK | ||
| 999 |
_c353 _d353 |
||